000 00907nam a2200217Ii 4500
003 JO-AjNU
008 230605s9999||||xx |||||||||||||| ||und||
020 _a978-1-56564-470-0
040 _aJO-AjNU
_bara
_erda
_cJO-AjNU
041 _aara
050 1 4 _aBP442.A9312 2012
100 3 _aعودة، جاسر ؛ ترجمة عبد اللطيف الخياط,
_eauthor
_952393
245 0 0 _aمقاصد الشريعة كفلسفة للتشريع الإسلامي رؤية منظومية
250 _aط1
264 3 1 _aفيرجينيا: المعهد العالمي للفكر الاسلامي، 2012
300 _a430ص
_bالمراجع العربية ص 403-418 ؛ المراجع الاجنبية ص 419-430
336 _atext
_btxt
_2rdacontent
337 _aunmediated
_bn
_2rdamedia
338 _avolume
_bnc
_2rdacarrier
650 4 _aاصول الفقه الاسلامي- مقاصد الشريعة
_952394
999 _aA23206
_c26774
_d26774